000 00464nam a2200193Ia 4500
005 20250131011234.0
008 240331s9999 xx 000 0 und d
020 _a8120607562
082 _bPAR
_a954
100 _aParker, H
245 0 _aAncient Ceylon
260 _aNew Delhi
_bAsian Educational Services
_c1992
300 _aXiv, 693 p .,
500 _a
650 _aAncient Veddas
650 _aModern Veddas
650 _aSocial Divisions
942 _cL
999 _c3508
_d3508